[Event "Tinsukia op 1st"]
[Site "Tinsukia"]
[Date "2024.07.24"]
[Round "6"]
[White "Rishideep, Bordoloi"]
[Black "Rintu, Brahma"]
[Result "1/2-1/2"]
[WhiteElo "1887"]
[BlackElo "1830"]
[PlyCount "101"]
[EventDate "2024.07.21"]
[EventType "swiss"]
[EventRounds "9"]
[EventCountry "IND"]
[SourceTitle "CBM 221 Extra"]
[Source "ChessBase"]
[SourceDate "2024.09.30"]
[SourceVersion "1"]
[SourceVersionDate "2024.09.30"]
[SourceQuality "1"]

1. e4 e5 2. Nf3 Nc6 3. Bb5 Nf6 4. 0-0 Nxe4 5. Re1 Nd6 6. Bxc6 dxc6 7. Nxe5 Be7 8. Qe2 Nf5 9. c3 0-0 10. d4 Be6 11. Bf4 Bd6 12. Nd2 Nh4 13. Ndf3 Nxf3+ 14. Qxf3 Qf6 15. Qg3 Rfe8 16. Re3 Qf5 17. Nd3 Bxf4 18. Qxf4 Qxf4 19. Nxf4 Bf5 20. Rae1 Kf8 21. Kf1 Rxe3 22. fxe3 Re8 23. Kf2 f6 24. Nh5 a5 25. Ng3 Be6 26. Rd1 b6 27. a3 Rd8 28. e4 c5 29. d5 Bc8 30. Ke3 g6 31. h4 Ke7 32. h5 Kd6 33. b4 cxb4 34. axb4 axb4 35. cxb4 Re8 36. Rc1 Bd7 37. Kd4 Re5 38. Rc3 Rg5 39. Rf3 Ke7 40. Rc3 Rg4 41. Nf1 Ke8 42. Rf3 f5 43. Ke5 Ke7 44. Ng3 fxe4 45. Nxe4 Rxg2 46. Rc3 Rh2 47. Rxc7 Rxh5+ 48. Kd4 Rh6 49. Rb7 Rh4 50. Ke5 Rh5+ 51. Kd4 1/2-1/2

[Event "Tinsukia op 1st"]
[Site "Tinsukia"]
[Date "2024.07.22"]
[Round "2"]
[White "Rishideep, Bordoloi"]
[Black "Abhijit, Khanikar"]
[Result "1-0"]
[WhiteElo "1887"]
[BlackElo "1477"]
[PlyCount "71"]
[EventDate "2024.07.21"]
[EventType "swiss"]
[EventRounds "9"]
[EventCountry "IND"]
[SourceTitle "CBM 221 Extra"]
[Source "ChessBase"]
[SourceDate "2024.09.30"]
[SourceVersion "1"]
[SourceVersionDate "2024.09.30"]
[SourceQuality "1"]

1. e4 e5 2. Nf3 Nc6 3. Bb5 a6 4. Ba4 d6 5. 0-0 Nf6 6. d4 Bg4 7. dxe5 Bxf3 8. Qxf3 dxe5 9. Bxc6+ bxc6 10. Nc3 h6 11. Be3 Bd6 12. Qg3 g5 13. Rad1 Qe7 14. f3 Nh5 15. Qf2 Nf4 16. Kh1 f6 17. g3 Ng6 18. Na4 h5 19. c4 Qh7 20. c5 Be7 21. Qd2 Rd8 22. Qe2 0-0 23. Qxa6 Kf7 24. Qxc6 Rxd1 25. Rxd1 Rh8 26. Qd5+ Kg7 27. Nc3 g4 28. h4 gxh3 29. Qe6 h4 30. g4 h2 31. Nd5 Rd8 32. Rd2 h3 33. Nxe7 Rxd2 34. Nf5+ Kf8 35. Bxd2 c6 36. Bh6+ 1-0